| 000 | 00917cam a2200301 i 4500 | ||
|---|---|---|---|
| 999 |
_c200445032 _d63244 |
||
| 003 | TR-AnTOB | ||
| 005 | 20220531172046.0 | ||
| 007 | ta | ||
| 008 | 131204s2000 tu 000 0 tur | ||
| 020 |
_a9759398419 _cTL0 |
||
| 040 |
_aTR-AnTOB _beng _erda _cTR-AnTOB _dTR-AnTOB |
||
| 041 | 0 | _atur | |
| 044 | _ctu | ||
| 050 | 0 | 0 |
_aLB2325 _b.D86 1994 |
| 090 |
_aTOOB LB2325 _b.D86 1994 |
||
| 245 | 0 | 0 | _aDünya’da ve Türkiye’de bilim, etik ve üniversite. |
| 264 | 1 |
_aAnkara : _bTürkiye Bilimler Akademisi, _c[2000] |
|
| 300 |
_av, 111 pages : _bgraphs, tables ; _c22 cm |
||
| 336 |
_atext _btxt _2rdacontent |
||
| 337 |
_aunmediated _bn _2rdamedia |
||
| 338 |
_avolume _bnc _2rdacarrier |
||
| 490 | 1 | _aBilimsel toplantı serileri ;1 | |
| 650 | 7 |
_aEğitim, Yüksek _2etuturkob _975841 |
|
| 650 | 0 |
_aBilim _zTürkiye _976005 |
|
| 942 |
_2z _cBK |
||